000 00314nam a22001217a 4500
020 _a9788126544615
082 _a631.4
_bSCO/SO
100 _aScott,Don,H
_9489
245 _aSoil Physics:Agricultural and Environmental Applications
260 _aNew Delhi
_bWiley India Pvt .Ind
_c2014
300 _a421
942 _cBK
999 _c14342
_d14342